000 01217nam a2200313 i 4500
001 000031235
003 DO-SdBPM
005 20250401130650.0
007 ta
008 090714s2007 dr abc 000 0 spa d
020 _a9789993442714
040 _aDO-SdBPM
_bspa
_cBPMSU
_erda
082 4 _a972.325
_bP438ap 2007
_222
100 1 _aPérez, Rafael Leónidas,
_b1955-
_eautor
245 1 0 _aApuntes históricos y geográficos del municipio de Las salinas provincia de Barahona /
_cRafael Leónidas Pérez.
_b
264 _aSanto Domingo :
_bEditora Del Caribe,
_c2007
300 _a106 páginas :
_bilustraciones, mapas., retratos ;
_c20 cm.
336 _2rdacontent
_atexto
_btxt
337 _2rdamedia
_asin mediación
_bnc
338 _2rdacarrier
_avolumen
_bn
500 _aIncluye datos biográficos del autor en la contracubierta
504 _aBibliografía : p. 105-106
590 _aInventariado, 2025/VM
651 4 _aLas Salinas, Barahona (República Dominicana)
_xHistoria local
651 4 _a Las Salinas, Barahona (República Dominican)
_xHistoria
651 4 _a Las Salinas, Barahona (República Dominicana)
_xVida social y costumbres
910 _aVMateo V. Control de calidad BPMSU
942 _2ddc
_cBK
999 _c15023
_d15023